[Event "Besancon op"]
[Site "Besancon"]
[Date "2014.??.??"]
[Round "5"]
[White "Meunier, Anne Laure"]
[Black "Mitev, Kamen"]
[Result "0-1"]
[WhiteElo "1399"]
[BlackElo "1600"]
[PlyCount "78"]
[EventDate "2014.10.29"]
[EventType "swiss"]
[EventRounds "7"]
[EventCountry "FRA"]
[SourceTitle "EXT 2016"]
[Source "ChessBase"]
[SourceDate "2015.10.08"]
[SourceVersion "1"]
[SourceVersionDate "2015.10.08"]
[SourceQuality "1"]

1. e4 e5 2. Nf3 Nc6 3. d3 Nf6 4. Nc3 Bb4 5. Bd2 0-0 6. a3 Be7 7. Be2 d5 8. Bg5 d4 9. Nb1 Ng4 10. Bxe7 Qxe7 11. h3 Nh6 12. Nh2 f5 13. Bf3 Qh4 14. exf5 Bxf5 15. 0-0 Be6 16. Qe2 Rf6 17. Qe4 Qg5 18. Bg4 Nxg4 19. Nxg4 Rf4 20. Qe2 h5 21. g3 Rf7 22. Nh2 Bxh3 23. Re1 Raf8 24. Qd2 Qg6 25. Re2 h4 26. Nf1 Rf3 27. Qe1 hxg3 28. Nxg3 Rxg3+ 29. fxg3 Rf1+ 30. Qxf1 Bxf1 31. Kxf1 Qh5 32. a4 Qf3+ 33. Rf2 Qd1+ 34. Kg2 Nb4 35. c3 Nxd3 36. Rd2 Ne1+ 37. Kf2 Qc1 38. Re2 Nc2 39. Ra2 Qxb1 0-1